Statistics for Top 6 Youngest Countries

Click here to take the quiz!

General Stats

  • This quiz has been taken 25 times
  • The average score is 4 of 6

Answer Stats

Year of IndependenceCountry% Correct
2011South Sudan
91%
2013Kosovo
74%
2006Montenegro
61%
2002East Timor
57%
2006Serbia
57%
1994Palau
22%

Score Distribution

Percentile by Number Answered

Percent of People with Each Score

Your Score History

You have not taken this quiz